Statistics for Famous People By Picture

Click here to take the quiz!

General Stats

  • This quiz has been taken 142 times
  • The average score is 19 of 30

Answer Stats

Answer% Correct
Albert Einstein
98%
Martin Luther King Jr.
96%
Elvis Presley
95%
Abraham Lincoln
94%
Mahatma Gandhi
94%
Michael Jordan
88%
Vincent Van Gogh
88%
Nelson Mandela
87%
Joseph Stalin
85%
Winston Churchill
85%
Julius Caesar
83%
Napoleon Bonaparte
83%
Rosa Parks
81%
George Washington
79%
John Lennon
77%
Christopher Columbus
68%
Queen Victoria
68%
William Shakespeare
68%
Joan of Arc
67%
Genghis Khan
66%
Isaac Newton
56%
Amelia Earhart
44%
Thomas Edison
37%
Charles Dickens
31%
Plato
27%
Sitting Bull
27%
Charlemagne
17%
Jim Thorpe
13%
St. Patrick
11%
David Livingstone
1%

Score Distribution

Percentile by Number Answered

Percent of People with Each Score

Your Score History

You have not taken this quiz